Stolice europy - Statystyki

Ogólne statystyki
  • Ten quiz został rozwiązany 12 razy
  • Średni wynik to 12 z 16
Odpowiedzi na mapie
Odpowiedzi zakodowano w zielono-czerwonej skali na mapie do tego quizu, zgodnie z poniższymi procentami.
 
Statystyki odpowiedzi
Odpowiedź % Poprawnych
Kopenhaga
91%
Praga
91%
Ateny
82%
Mińsk
82%
Paryż
82%
Sofia
82%
Bruksela
73%
Helsinki
73%
Tallinn
73%
Wiedeń
73%
Zagrzeb
73%
Andora
64%
Podgorica
64%
Sarajewo
64%
Tirana
64%
Madryt
27%
Nie znaleziono quizów pasujących do podanych kryteriów
Rozkład punktacji
Procent ludzi z każdym wynikiem
Percentyl według liczby udzielonych odpowiedzi
Twoja historia wyników
Nie rozwiązałeś tego quizu